00471 2200181 4500001002100000005001500021008004100036020001800077035001900095041000700114082001000121090001600131100002300147245006000170260001900230300002100249650001900270INLIS00000000002155320241224131101241224||||||||| | ||| |||| || |  a979-668-335-0 0010-1224021553 aid0 a2x5.1 a2x5.1 TIM i0 aTim Pustaka Fathin00aIlmuwan muslim Pembuka Cakrawala Ilmu Pengetahuan Dunia bTiga Serangkai a24 hlm,;20x20 cm 0ailmuwan muslim